000 02654nam a22006014a 4500
001 ocm50717316
003 OCoLC
005 20200320184028.0
008 020919s2003 txua b 000 1 eng
010 _a 2002033323
020 _a155885388X (alk. paper)
020 _a9781558853881 (alk. paper)
020 _c15.95
029 1 _aAU@
_b000024129091
029 1 _aIG#
_b9781558853881
035 _a(OCoLC)50717316
037 _a1185760
_bQBI
040 _aDLC
_cDLC
_dIG#
_dQBX
_dTEF
_dOCL
_dTEF
_dBUR
_dOCLCQ
_dBAKER
_dBTCTA
_dYDXCP
_dCQU
_dNXA
_dWACOL
041 0 _aeng
_aspa
042 _apcc
_alcac
049 _aWACL
050 0 0 _aPZ73.B443
_bEmp 2003
082 1 4 _a[E]
_222
092 _aSPE
_bBer
100 1 _aBertrand, Diane Gonzales.
_939405
245 1 4 _aThe empanadas that abuela made /
_cby Diane Gonzales Bertrand ; illustrations by Alex Pardo DeLange ; Spanish translation by Gabriela Baeza Ventura =
_bLas empanadas que hacía la abuela / por Diane Gonzales Bertrand ; ilustraciones de Alex Pardo DeLange ; traducción al español de Gabriela Baeza Ventura.
246 3 1 _aEmpanadas que hacía la abuela
260 _aHouston, Tex. :
_bPiñata Books,
_cc2003.
300 _a1 v. (unpaged) :
_bcol. ill. ;
_c23 x 29 cm.
520 _aSe cuenta al estilo de una canción folklórica cómo hace empanadas la abuela para su familia. Receta incluida.
520 _aTold in the style of a cumulative folk song, a grandmother makes empanadas, a traditional Hispanic treat, for her family. Includes recipe.
546 _aText in English and Spanish.
650 0 _aMexican Americans
_vJuvenile fiction.
_95717171
650 0 _aEmpanadas
_vJuvenile fiction.
_95855849
650 0 _aGrandmothers
_vJuvenile fiction.
_95683771
650 1 _aMexican Americans
_vFiction.
_95685155
650 1 _aEmpanadas
_vFiction.
_95855850
650 1 _aGrandmothers
_vFiction.
_95686024
650 1 _aSpanish language materials
_xBilingual.
_9102597
650 7 _aMexicano-americanos
_vNovela juvenil.
_2bidex
_95855851
650 7 _aAbuelas
_vNovela juvenil.
_2bidex
_95855852
700 1 _aDeLange, Alex Pardo.
_95855853
700 1 _aVentura, Gabriela Baeza.
_95851622
938 _aBaker and Taylor
_bBTCP
_n2002033323
938 _aBaker & Taylor
_bBKTY
_c15.95
_d11.96
_i155885388X
_n0004087738
_sactive
938 _aYBP Library Services
_bYANK
_n2005342
938 _aQuality Books, Inc.
_bQUAL
_na 02033323
938 _aIngram
_bINGR
_n155885388X
942 _cBOOK
_015
948 _a02/26/2010
_zSirsi
994 _a02
_bWACOL
996 _a76031
_b34301000918138
_cSPE
_dbk
_ewcl
_fi
_g15
_h15.95
_lAmazon.com
_mBer
_p02/26/2010
_q09/21/2019
_r07/31/2019
999 _c272172
_d272172